Exposició antològica de documentació municipal : Alcover octubre-novembre 1991 / Arxiu Històric d'Alcover Alcover octubre-novembre 1991 / Arxiu Històric d'Alcover
Publicado:
Barcelona :
Generalitat de Catalunya, Servei d'Arxius, Arxiu Comarcal de Valls : Consell Comarcal de l'Alt Camp : Ajuntament d'Alcover, DL 1991
Descripción Física:
[21] p. ; 21 cm
MARC
| LEADER | 00000nam a2200000Ia 4500 | ||
|---|---|---|---|
| 001 | 9431 | ||
| 003 | BGR | ||
| 005 | 20260324175620.0 | ||
| 008 | 160829s9999 xx 000 0 cat d | ||
| 080 | |a FU-10-34 | ||
| 110 | 1 | |a Arxiu Històric (Alcover) |9 70466 | |
| 245 | |a Exposició antològica de documentació municipal : |b Alcover octubre-novembre 1991 / Arxiu Històric d'Alcover | ||
| 260 | |a Barcelona : |b Generalitat de Catalunya, Servei d'Arxius, Arxiu Comarcal de Valls : |b Consell Comarcal de l'Alt Camp : |b Ajuntament d'Alcover, DL 1991 | ||
| 300 | |a [21] p. ; |c 21 cm | ||
| 650 | |a Documents públics |x Alcover |x Exposicions |9 35306 | ||
| 710 | 1 | |a Catalunya. |b Servei d'Arxius |9 2924 | |
| 710 | 1 | |a Arxiu Històric Comarcal de Valls |9 70467 | |
| 710 | 1 | |a Alcover (Catalunya). |b Ajuntament |9 55102 | |
| 710 | 1 | |a Alt Camp (Catalunya). |b Consell Comarcal |9 56079 | |
| 901 | |a Arxiu | ||
| 942 | |n 1 |2 udc |c MON | ||
| 952 | |0 0 |1 0 |4 0 |6 FU1034 |7 1 |9 46851 |a Arxiu |b Arxiu |d 2016-12-01 |l 0 |o FU-10-34 |p 9431 |r 2016-12-01 00:00:00 |w 2016-12-01 |y ARXIU | ||
| 999 | |c 50644 |d 50644 | ||